| 000 | 01530nam a2200349Ia 4500 | ||
|---|---|---|---|
| 001 | ebr10702186 | ||
| 003 | CaPaEBR | ||
| 006 | m o u | ||
| 007 | cr cn||||||||| | ||
| 008 | 120322s2012 waua sb 001 0 eng d | ||
| 010 | _z 2012011200 | ||
| 020 | _z9780295804439 (ebook) | ||
| 020 | _z9780295992051 (hardcover : acid-free paper) | ||
| 020 | _z9780295992297 (pbk. : acid-free paper) | ||
| 040 |
_aCaPaEBR _cCaPaEBR |
||
| 035 | _a(OCoLC)842882423 | ||
| 050 | 1 | 4 |
_aPL2278 _b.L49 2012eb |
| 082 | 0 | 4 |
_a895.1/099287 _223 |
| 100 | 1 |
_aLi, Xiaorong, _d1969 May 25- |
|
| 245 | 1 | 0 |
_aWomen's poetry of late imperial China _h[electronic resource] : _btransforming the inner chambers / _cXiaorong Li. |
| 260 |
_aSeattle : _bUniversity of Washington Press, _cc2012. |
||
| 300 |
_axi, 236 p. : _bill. |
||
| 490 | 0 | _aA China program book | |
| 504 | _aIncludes bibliographical references (p. [215]-230) and index. | ||
| 533 |
_aElectronic reproduction. _bPalo Alto, Calif. : _cebrary, _d2013. _nAvailable via World Wide Web. _nAccess may be limited to ebrary affiliated libraries. |
||
| 650 | 0 |
_aChinese literature _xWomen authors _xHistory and criticism. |
|
| 650 | 0 |
_aChinese literature _yMing dynasty, 1368-1644 _xHistory and criticism. |
|
| 650 | 0 |
_aChinese literature _yQing dynasty, 1644-1912 _xHistory and criticism. |
|
| 655 | 7 |
_aElectronic books. _2local |
|
| 710 | 2 | _aebrary, Inc. | |
| 856 | 4 | 0 |
_uhttp://site.ebrary.com/lib/rucke/Doc?id=10702186 _zAn electronic book accessible through the World Wide Web; click to view |
| 999 |
_c20939 _d20939 |
||